| 000 | 00470 a2200169 4500 | ||
|---|---|---|---|
| 003 | OSt | ||
| 005 | 20231227162627.0 | ||
| 008 | 231227b |||||||| |||| 00| 0 eng d | ||
| 020 | _a9788181432346 | ||
| 040 | _coclc | ||
| 082 |
_a891.432 _bTAN/A |
||
| 100 |
_aTanvir, Habib _910226 |
||
| 245 |
_aAGRA BAZAR / _cHabib Tanvir |
||
| 260 |
_aNew Delhi: _bVani Prakashan, _c2020. |
||
| 300 | _a120p | ||
| 942 |
_2ddc _cBK _h891.432 _iTAN/A _k891.432 _mTAN/A |
||
| 999 |
_c43602 _d43602 |
||